|
|
|
|
| LEADER |
01337nam a2200265 a 4500 |
| 001 |
15684526 |
| 008 |
090721s2008 bg ab b 000 0 eng d |
| 040 |
|
|
|a DLC
|c DLC
|d DLC
|
| 082 |
0 |
0 |
|a 338.095492
|2 22
|
| 245 |
0 |
0 |
|a Harnessing competitiveness for stronger inclusive growth :
|b Bangladesh investment climate assessment.
|
| 260 |
|
|
|a Dhaka :
|b World Bank Office Dhaka,
|c 2008.
|
| 300 |
|
|
|a xviii, 86 pages :
|b col. ill., maps ;
|c 29 cm.
|
| 490 |
0 |
|
|a Bangladesh development series ;
|v paper no. 25
|
| 500 |
|
|
|a "Document of the World Bank."
|
| 504 |
|
|
|a Includes bibliographical references (p. 65-70)
|
| 526 |
|
|
|x Salim khan
Sr. program Associate
James P. Grant School.
Course name and no. N/A
|
| 541 |
1 |
|
|a A H Development publishing house
|e 00018486
|
| 650 |
|
0 |
|a Investments, Foreign
|z Bangladesh.
|
| 650 |
|
0 |
|a Investments
|z Bangladesh.
|
| 651 |
|
0 |
|a Bangladesh
|x Economic conditions
|y 21st century.
|
| 710 |
2 |
|
|a World Bank.
|b Bangladesh Dhaka Office.
|
| 852 |
4 |
|
|a School of Public Health
|j General Shelf.
|
| 942 |
|
|
|2 ddc
|c BK
|
| 999 |
|
|
|c 2660
|d 2660
|
| 952 |
|
|
|0 0
|1 0
|2 ddc
|4 0
|6 338_095492000000000_HAR
|7 0
|9 2444
|a JPGSPH
|b JPGSPH
|d 2009-04-29
|e A H Development Publishing House.
|g 7800.00
|l 0
|o 338.095492 HAR
|p 3060018486
|r 2009-07-22
|t 1
|w 2009-07-22
|y BK
|x Requisitioned by Salim khan, Sr. program Associate, James P. Grant School. Course name and no. N/A
|